| 000 | 004260000a22001810004500 | ||
|---|---|---|---|
| 003 | MACL | ||
| 005 | 20150913142956.0 | ||
| 008 | 150913b xxu||||| |||| 00| 0 eng d | ||
| 040 |
_aMACL _cMACL |
||
| 041 | _aEnglish | ||
| 082 | _a823/CHU | ||
| 100 |
_aChughati ismat _910731 |
||
| 245 | _aThe Crooked Line | ||
| 260 |
_bKali For Women _c1997 _aNew Delhi |
||
| 350 | _a150 | ||
| 650 |
_afiction _910733 |
||
| 942 |
_cBK _k823 _2ddc |
||
| 999 |
_c1520 _d1520 |
||